Vesmír vo svetovej politike bakalárska práca

Gespeichert in:
Bibliographische Detailangaben
1. Verfasser: Jáhnová, Petra
Körperschaft: Fakulta medzinárodných vzťahov EU. Katedra medzinárodných politických vzťahov
Weitere Verfasser: Rozkošová, Zuzana, 1995-
Format: Buch
Sprache:Slowakisch
Veröffentlicht: Bratislava 2022
Tags: Tag hinzufügen
Keine Tags, Fügen Sie das erste Tag hinzu!

MARC

LEADER 00000nbm a2200000 4500
001 0285193
005 20230419143142.8
041 0 |a slo 
044 |a SK 
245 1 0 |a Vesmír vo svetovej politike  |b bakalárska práca  |c Petra Jáhnová ; školiteľ: Zuzana Rozkošová 
264 1 |a Bratislava  |c 2022 
300 |a 46 s. 
100 1 |a Jáhnová, Petra 
700 1 |a Rozkošová, Zuzana, 1995- 
710 2 |a Fakulta medzinárodných vzťahov EU. Katedra medzinárodných politických vzťahov